The law of contract / (Record no. 1572)

MARC details
000 -LEADER
fixed length control field 01559cam a2200421 a 4500
001 - CONTROL NUMBER
control field data
005 - DATE AND TIME OF LATEST TRANSACTION
control field 20260322212107.0
008 - FIXED-LENGTH DATA ELEMENTS--GENERAL INFORMATION
fixed length control field data
035 ## - SYSTEM CONTROL NUMBER
System control number 13712138
010 ## - LIBRARY OF CONGRESS CONTROL NUMBER
LC control number 2004557938
020 ## - INTERNATIONAL STANDARD BOOK NUMBER
International Standard Book Number 0406946736
020 ## - INTERNATIONAL STANDARD BOOK NUMBER
International Standard Book Number 9780406946737
040 ## - CATALOGING SOURCE
Original cataloging agency DLC
Transcribing agency DLC
Modifying agency DLC
043 ## - GEOGRAPHIC AREA CODE
Geographic area code e------
-- e-uk-wl
-- e------
050 00 - LIBRARY OF CONGRESS CALL NUMBER
Classification number K840
Item number .C65 2003
082 04 - DEWEY DECIMAL CLASSIFICATION NUMBER
Classification number 342.62
-- 342.62
Edition information 19
100 1# - MAIN ENTRY--PERSONAL NAME
Personal name Collins, Hugh,
Dates associated with a name 1953-
245 14 - TITLE STATEMENT
Title The law of contract /
Statement of responsibility, etc. Hugh Collins.
250 ## - EDITION STATEMENT
Edition statement 4th ed.
260 ## - PUBLICATION, DISTRIBUTION, ETC.
Place of publication, distribution, etc. Dayton, Ohio :
Name of publisher, distributor, etc. LexisNexis,
Place of publication, distribution, etc. Dayton, Ohio :
Name of publisher, distributor, etc. LexisNexis,
Date of publication, distribution, etc. c2003.
300 ## - PHYSICAL DESCRIPTION
Extent xlviii, 441 p. ;
Dimensions 24 cm.
336 ## - CONTENT TYPE
Content type term text
Content type code txt
Source rdacontent
337 ## - MEDIA TYPE
Media type term unmediated
Media type code n
Source rdamedia
338 ## - CARRIER TYPE
Carrier type term volume
Carrier type code nc
Source rdacarrier
440 #0 - SERIES STATEMENT/ADDED ENTRY--TITLE
Title Law in context
504 ## - BIBLIOGRAPHY, ETC. NOTE
Bibliography, etc. note Includes bibliographical references and index.
650 #0 - SUBJECT ADDED ENTRY--TOPICAL TERM
Topical term or geographic name entry element Contracts.
650 #0 - SUBJECT ADDED ENTRY--TOPICAL TERM
Topical term or geographic name entry element Contracts
Geographic subdivision England.
650 #0 - SUBJECT ADDED ENTRY--TOPICAL TERM
Topical term or geographic name entry element Contracts
Geographic subdivision Wales.
650 #0 - SUBJECT ADDED ENTRY--TOPICAL TERM
Topical term or geographic name entry element Contracts
Geographic subdivision European Union countries.
856 41 - ELECTRONIC LOCATION AND ACCESS
Materials specified Table of contents
Uniform Resource Identifier <a href="http://www.loc.gov/catdir/toc/cam051/2004557938.html">http://www.loc.gov/catdir/toc/cam051/2004557938.html</a>
856 42 - ELECTRONIC LOCATION AND ACCESS
Materials specified Contributor biographical information
Uniform Resource Identifier <a href="http://www.loc.gov/catdir/bios/nwern051/2004557938.html">http://www.loc.gov/catdir/bios/nwern051/2004557938.html</a>
856 42 - ELECTRONIC LOCATION AND ACCESS
Materials specified Publisher description
Uniform Resource Identifier <a href="http://www.loc.gov/catdir/description/nwern051/2004557938.html">http://www.loc.gov/catdir/description/nwern051/2004557938.html</a>
906 ## - LOCAL DATA ELEMENT F, LDF (RLIN)
a 7
b cbc
c origcop
d 2
e ncip
f 20
g y-gencatlg
925 0# -
-- acquire
-- 1 shelf copy
-- CF 2004-10-15
955 ## - COPY-LEVEL INFORMATION (RLIN)
-- sg18 2005-02-25
-- sg12 2005-03-31 to BCCD
Holdings
Withdrawn status Lost status Damaged status Not for loan Home library Current library Shelving location Date acquired Total checkouts Full call number Barcode Date last seen Price effective from Koha item type
        Liberty Liberty General stacks 22/03/2026   346/.02 LOC-LPL-00035 22/03/2026 22/03/2026 Books